LOGO Quiz - Statistics

General Stats
  • This quiz has been taken 68 times
  • The average score is 9 of 16
Answer Stats
Picture Answer % Correct
facebook
75%
Instagram
73%
redbull
73%
sprite
73%
BMW
72%
levis
72%
Ferrari
70%
heineken
65%
UPS
63%
reddit
60%
warner bros
52%
Hershey
47%
costco
45%
JIF
42%
american airlines
40%
chiquita
23%
No matching quizzes found
Score Distribution
Percent of People with Each Score
Percentile by Number Answered
Your Score History
You have not taken this quiz